000 00443nam a2200145Ia 4500
008 100415s9999 xx 000 0 und d
082 _b13186
_a639.9
100 _aSilver Debbie
245 _aThe young person's guide to saving the planet
260 _aLONDON
_c1990
_bVIRAGO PRESS
365 _b514.28
630 _aThe young person's guide to saving the planet
730 _aThe young person's guide to saving the planet
942 _cBOOK
999 _c596102
_d596099